Truyện ngắn ba tác giả nữ

Na minha lista:
Detalhes bibliográficos
Autor principal: Diệp, Mai
Formato: Livro
Idioma:Undetermined
Publicado em: Hà Nội Công An Nhân Dân 2007
Assuntos:
Tags: Adicionar Tag
Sem tags, seja o primeiro a adicionar uma tag!
Thư viện lưu trữ: Trung tâm Học liệu Trường Đại học Cần Thơ
LEADER 00591nam a2200193Ia 4500
001 CTU_127990
008 210402s9999 xx 000 0 und d
020 |c 32500 
082 |a 895.922301 
082 |b M103 
100 |a Diệp, Mai 
245 0 |a Truyện ngắn ba tác giả nữ 
245 0 |c Diệp Mai, Huệ Minh, Thái Lê 
260 |a Hà Nội 
260 |b Công An Nhân Dân 
260 |c 2007 
650 |a Short stories, vietnamese,Truyện ngắn, Việt Nam 
904 |i Tuyến 
980 |a Trung tâm Học liệu Trường Đại học Cần Thơ